Catalog

Record Details

Catalog Search



Available copies

  • 2 of 2 copies available at LARL/NWRL Consortium. (Show)
  • 1 of 1 copy available at Lake Agassiz Regional Library.

Current holds

0 current holds with 2 total copies.

Show All Copies
Location Call Number / Copy Notes Barcode Shelving Location Status Due Date
Detroit Lakes Public Library J 362.4 RUS (Text) 33500013603881 Main Available -

Record details

  • ISBN: 9781532195761
  • ISBN: 1532195761
  • Physical Description: 32 pages : color illustrations ; 21 x 24 cm.
  • Publisher: Minneapolis, Minnesota : Big Buddy Books, an imprint of Abdo Publishing, [2022]

Content descriptions

General Note:
Includes index.
Formatted Contents Note:
Just like others -- What is a physical disaiblity? ... Read More
Summary, etc.:
"In this title, readers learn common symptoms and ... Read More
Subject: People with disabilities > Juvenile literature.
Disabilities > Juvenile literature.
Social acceptance > Juvenile literature.
People with disabilities.
Disabilities.
Social acceptance.
Disabilities.
People with disabilities.
Social acceptance.
Genre: Instructional and educational works.
Juvenile works.
Instructional and educational works.
LDR 02898cam a2200601 i 4500
001391855
003LARL_NWRL_CONSORTIUM
00520220523165902.0
008201109t20222022mnua j 001 0 eng
010 . ‡a 2020949917
040 . ‡aDLC ‡beng ‡erda ‡cDLC ‡dBDX ‡dIUO ‡dSINLB ‡dSDG ‡dOCLCF ‡dIUK ‡dYDX ‡dCHILD ‡dLMJ ‡dOCLCO ‡dNYP ‡dOCLCO
019 . ‡a1281708711
020 . ‡a9781532195761 ‡q(library binding)
020 . ‡a1532195761
020 . ‡z9781098216498 ‡q(ebook)
035 . ‡a(OCoLC)1240773202 ‡z(OCoLC)1281708711
042 . ‡apcc
08204. ‡a362.4 ‡223
1001 . ‡aRusick, Jessica, ‡eauthor.
24510. ‡aUnderstanding physical disabilities / ‡cJessica Rusick.
264 1. ‡aMinneapolis, Minnesota : ‡bBig Buddy Books, an imprint of Abdo Publishing, ‡c[2022]
264 4. ‡c©2022
300 . ‡a32 pages : ‡bcolor illustrations ; ‡c21 x 24 cm.
336 . ‡atext ‡btxt ‡2rdacontent
337 . ‡aunmediated ‡bn ‡2rdamedia
338 . ‡avolume ‡bnc ‡2rdacarrier
4900 . ‡aUnderstanding disabilities
500 . ‡aIncludes index.
520 . ‡a"In this title, readers learn common symptoms and behaviors of physical disabilities and how it affects kids at school and in relationships. Text includes suggestions on how to be a kind and respectful friend to someone who has physical disabilities and appropriate activities kids can enjoy together. A famous person who has overcome the challenges of physical disability is highlighted."--Amazon.com
5050 . ‡aJust like others -- What is a physical disaiblity? -- Motor skills -- Types of physical disabilities -- Mobility aids -- Physical disabilities at school -- Social struggles -- Being a friend -- Strengths -- Golden rules.
650 0. ‡aPeople with disabilities ‡vJuvenile literature. ‡0(LARL_NWRL_CONSORTIUM)174004
650 0. ‡aDisabilities ‡vJuvenile literature.
650 0. ‡aSocial acceptance ‡vJuvenile literature.
650 1. ‡aPeople with disabilities. ‡0(LARL_NWRL_CONSORTIUM)21854
650 1. ‡aDisabilities.
650 1. ‡aSocial acceptance. ‡0(LARL_NWRL_CONSORTIUM)31257
650 7. ‡aDisabilities. ‡2fast
650 7. ‡aPeople with disabilities. ‡2fast ‡0(LARL_NWRL_CONSORTIUM)21854
650 7. ‡aSocial acceptance. ‡2fast ‡0(LARL_NWRL_CONSORTIUM)31257
655 7. ‡aInstructional and educational works. ‡2fast
655 7. ‡aJuvenile works. ‡2fast
655 7. ‡aInstructional and educational works. ‡2lcgft
901 . ‡a391855 ‡b ‡c391855 ‡tbiblio

Additional Resources